The Bharatiya Sakshya Adhiniyam, 2023/ (Record no. 215783)

MARC details
000 -LEADER
fixed length control field 00558nam a22001937a 4500
005 - DATE AND TIME OF LATEST TRANSACTION
control field 20260327120851.0
010 ## - LCCN (DPL NO)
LC control number ENG-148151
020 ## - INTERNATIONAL STANDARD BOOK NUMBER
Terms of availability 800.00
International Standard Book Number 9789392140983
035 ## - SYSTEM CONTROL NUMBER
System control number EN-131683
037 ## - SOURCE OF ACQUISITION
Stock number DPL
Source of stock number/acquisition DBAD
082 ## - DEWEY DECIMAL CLASSIFICATION NUMBER
Classification number 347.4206
Edition number 25
100 ## - MAIN ENTRY--PERSONAL NAME
Personal name Batuk Lal
245 ## - TITLE STATEMENT
Title The Bharatiya Sakshya Adhiniyam, 2023/
Statement of responsibility, etc Batuk Lal
250 ## - EDITION STATEMENT
Edition statement 25
260 ## - PUBLICATION, DISTRIBUTION, ETC. (IMPRINT)
Place of publication, distribution, etc Prayagraj
Name of publisher, distributor, etc Central Law Agency
Date of publication, distribution, etc 2026
270 ## - ADDRESS
Address 30D/1, Motolal Nehru Road
City Prayagraj
Postal code 211002
300 ## - PHYSICAL DESCRIPTION
Extent 651p.
Dimensions 23cm(pb)
942 ## - ADDED ENTRY ELEMENTS (KOHA)
Source of classification or shelving scheme Dewey Decimal Classification
Item type English Books
Classification part 347.4206
Call number suffix BAT
Holdings
Withdrawn status Lost status Not for loan Collection code Home library Current library Date acquired Source of acquisition Cost, normal purchase price Full call number Barcode Copy number Cost, replacement price Koha item type
    Not For Loan Non-fiction Sarojini Nagar Sarojini Nagar 27/03/2026 Delivery of Books Act Division 800.00 347.4206 BAT EN-131683 1 800.00 English Books

© Delhi Public Library
Hit Counter
free hit counter